Les joueurs de l'OGC Nice saison 2006-2007 - Statistiques

Statistiques générales
  • Ce quiz a été pris 32 fois
  • Le résultat moyen est 10 sur 27
Statistiques - réponses
Nationalité Poste Joueurs % Correct
France / Tahiti A Marama Vahirua
92%
France G Hugo Lloris
88%
Cote d'Ivoire A Bakari Koné
72%
France M Cyril Rool
72%
France Entraineur Frederic Antonetti
68%
Brésil M Honorato Campos Ederson
64%
France G Damien Grégorini
60%
Mali A Mahamane Traoré
56%
France M Olivier Echouafni
48%
Nigeria D Onyekachi Apam
48%
France M Florent Balmont
44%
France D Jacques Abardonado
44%
Mali D Cédric Kanté
32%
France D Cédric Varrault
32%
Mali D Drissa Diakité
32%
France / Congo A Matt Moussilou
32%
Cote d'Ivoire A Ibrahim Touré
24%
France A David Bellion
16%
France / Algérie A Kamel Larbi
16%
France D Rod Fanni
12%
France / Algérie D Antar Yahia
8%
France D Ismael Gace
8%
France G Jeremy Moreau
8%
Senegal A Souleymane Camara
8%
France D Thibaut Scotto Di Porfirio
4%
France A Mickael Buscher
0%
France D Olivier Veigneau
0%
Aucun quiz correspondant
Distribution des résultats
% des personnes avec chaque résultat
Percentile par nombre de réponses
Votre historique - résultats
Vous n’avez pas pris ce quiz